000 00892nam a22003017a 4500
003 CHAP
005 20220329140459.0
008 971013s1967 r 00010 d
010 _a52583
011 _a53555
035 _a57705
040 _cCHAP
082 _a632
_bW6
100 0 0 _aWood, R. K. S.
_9122531
245 _aPhysiological plant pathology
260 _aOxford :
_bBlackwell,
_c1967
300 _a570 p.
_b: ilus. ; láms.
490 _aBotanical monographs
_v; 6
590 _aBATCH-UPD
_b10
_c20130110
_lUCH01
_h0537
590 _aBATCH-UPD
_b10
_c20130410
_lUCH01
_h0217
590 _aBATCH-UPD
_b10
_c20130914
_lUCH01
_h0726
590 _aCONVERSION
_b10
_c20130109
_lUCH01
_h1328
650 1 4 _aFitopatologĂ­a.
_941161
830 0 _aBotanical monographs
_v; 6
_914449
901 _aBK
942 _cLIBRO
949 _a632 W6
_bBC
_cLIBRO
_d33724000176095
_eLIBRO
_h13832
_i57705
_si
999 _c52583
_d52583